[Event "Let's Play Chess!"]
[Site "http://www.queenalice.com/game.php?id=1567713"]
[Date "2019.4.15"]
[Round "-"]
[White "igorjava"]
[Black "apap127"]
[Result "1-0"]
[WhiteElo "2020"]
[BlackElo "1679"]

1. e4 e5 2. f4 exf4 3. Nf3 Be7 4. Bc4 c6 5. O-O h6 6. d4 g5 7. Nc3 Nf6 8. e5 Nh5
9. d5 cxd5 10. Nxd5 d6 11. Nxe7 Kxe7 12. exd6+ Qxd6 13. Re1+ Be6 14. Nd4 Ng7 15.
c3 Nc6 16. Nxe6 fxe6 17. Qe2 Rhf8 18. a4 Rf6 19. b3 Nf5 20. Ba3 1-0

[Event "Segredos subliminares"]
[Site "http://www.queenalice.com/game.php?id=1569861"]
[Date "2019.5.5"]
[Round "-"]
[White "zubarev"]
[Black "apap127"]
[Result "1-0"]
[WhiteElo "1846"]
[BlackElo "1656"]

1. d4 d5 2. Nc3 Nf6 3. Nf3 Bf5 4. e3 e6 5. Ne5 Nfd7 6. Bd3 Bd6 7. f4 Bxd3 8.
Qxd3 f6 9. Nf3 O-O 10. O-O Nc6 11. Bd2 Qe7 12. Rae1 Qf7 13. e4 Nb4 14. Qe2 b6
15. e5 Be7 16. a3 Nxc2 17. Rc1 Nxd4 18. Nxd4 f5 19. Nf3 c5 20. Nd1 a5 21. Ng5
Bxg5 22. fxg5 g6 23. Rf3 Qg7 24. Nc3 Nxe5 25. Re3 Nc4 26. Rh3 e5 27. Nxd5 Rfd8
28. Qxc4 Kh8 29. Nf6 h6 30. Rxh6+ 1-0

[Event "Gel Fadel"]
[Site "http://www.queenalice.com/game.php?id=1570683"]
[Date "2019.5.14"]
[Round "-"]
[White "zubarev"]
[Black "apap127"]
[Result "0-1"]
[WhiteElo "1904"]
[BlackElo "1648"]

1. e4 e5 2. Nf3 Nc6 3. Nc3 Bb4 4. d3 h6 5. Be2 Nf6 6. Bd2 O-O 7. O-O d6 8. a3
Ba5 9. Nd5 Nxd5 10. exd5 Ne7 11. Bxa5 b6 12. Bd2 Nxd5 13. c4 Nf6 14. Re1 Bf5 15.
Nh4 Be6 16. f4 exf4 17. Nf3 g5 18. Nd4 c5 19. Bf3 Rb8 20. Nxe6 fxe6 21. Rxe6 Qd7
22. Re2 g4 23. Be4 Nxe4 24. Rxe4 f3 25. Bxh6 Rf7 26. Qd2 Qf5 27. Rf4 Qg6 28. Re4
Kh7 29. Be3 Rd8 30. Re1 Rdf8 31. Bf2 a5 32. Re6 Qg7 33. Be3 g3 34. Bh6 f2+ 35.
Kh1 fxe1=Q+ 36. Rxe1 Rf1+ 0-1

[Event "Let's Play Chess!"]
[Site "http://www.queenalice.com/game.php?id=1575758"]
[Date "2019.6.30"]
[Round "-"]
[White "charles31"]
[Black "apap127"]
[Result "0-1"]
[WhiteElo "1698"]
[BlackElo "1687"]

1. d4 d5 2. Nc3 Nf6 3. h3 Bf5 4. Nf3 e6 5. Bg5 h6 6. Bf4 Bd6 7. Bxd6 Qxd6 8. e3
a6 9. Bd3 Bxd3 10. Qxd3 O-O 11. Ne5 Nc6 12. Nxc6 Qxc6 13. f3 Rfe8 14. g4 Qd6 15.
Kf2 c5 16. dxc5 Qxc5 17. f4 Nh7 18. g5 Rad8 19. gxh6 g6 20. h4 d4 21. Na4 dxe3+
22. Ke2 Rxd3 23. Nxc5 Rd2+ 24. Kxe3 Rxc2 25. Nd3 Nf6 26. Rac1 Nd5+ 27. Kf3 Rec8
28. Rxc2 Rxc2 29. Rg1 Kh7 30. Ke4 Kxh6 31. a4 Kh5 32. Kd4 Kxh4 33. a5 Rd2 34.
Ke4 Nf6+ 35. Ke3 Rh2 36. Nf2 Nd5+ 37. Kf3 Nxf4 38. Rg4+ Kh5 39. Rxf4 f5 40. Kg3
Kg5 41. Rb4 Rh7 42. Rb6 e5 43. b4 f4+ 44. Kf3 Kf5 45. b5 e4+ 46. Kg2 e3 47. Nd3
e2 48. bxa6 bxa6 49. Rxa6 Rd7 50. Kf2 Rxd3 51. Kxe2 Ra3 52. Ra8 f3+ 53. Kf2 Kf4
54. Rf8+ Kg4 55. Rg8 g5 56. Ra8 Ra2+ 57. Kg1 Kg3 0-1

[Event "Let's Play Chess!"]
[Site "http://www.queenalice.com/game.php?id=1575875"]
[Date "2019.7.1"]
[Round "-"]
[White "igorjava"]
[Black "apap127"]
[Result "1-0"]
[WhiteElo "2033"]
[BlackElo "1689"]

1. e4 e5 2. f4 exf4 3. Nf3 Nf6 4. e5 Nd5 5. c4 Nb6 6. d4 d6 7. Bxf4 Be7 8. Be2
Be6 9. d5 Bf5 10. Nc3 dxe5 11. Bxe5 f6 12. Bd4 c6 13. Bxb6 Qxb6 14. Qd2 O-O 15.
Nd4 Rd8 16. Nxf5 Bc5 17. O-O-O g6 18. Na4 Qb4 19. Nxc5 Qxc5 20. Nh6+ Kg7 21. d6
Qg5 22. Qxg5 fxg5 23. Ng4 Nd7 24. b4 a5 25. b5 cxb5 26. cxb5 Rac8+ 27. Kb2 Nc5
28. Bf3 b6 29. Bc6 Kf7 30. Rhe1 Ne6 31. Nh6+ Kf6 32. Rf1+ Nf4 33. g3 Kg7 34.
gxf4 Kxh6 35. fxg5+ Kxg5 36. d7 Rc7 37. Rde1 h5 38. Rf7 Kh4 39. Re8 1-0

[Event "Challenge"]
[Site "http://www.queenalice.com/game.php?id=1575960"]
[Date "2019.7.1"]
[Round "-"]
[White "WLAO"]
[Black "apap127"]
[Result "0-1"]
[WhiteElo "1642"]
[BlackElo "1674"]

1. b3 Nf6 2. e3 Nc6 3. Bb2 e5 4. d3 Bc5 5. Nf3 O-O 6. g3 d6 7. Bg2 a5 8. O-O Re8
9. d4 exd4 10. exd4 Ba7 11. a4 h6 12. c3 Bf5 13. Nbd2 Qd7 14. Nh4 Bh7 15. Ndf3
g5 16. Bh3 Qxh3 17. Ng2 Be4 18. Bc1 Ng4 19. Bxg5 Bxf3 20. Qxf3 Qxh2# 0-1

[Event "Let's Play Chess!"]
[Site "http://www.queenalice.com/game.php?id=1580110"]
[Date "2019.8.13"]
[Round "-"]
[White "charles31"]
[Black "apap127"]
[Result "1-0"]
[WhiteElo "1658"]
[BlackElo "1695"]

1. Nf3 Nc6 2. e4 e5 3. Nc3 Bc5 4. h3 Nf6 5. Bc4 O-O 6. d3 h6 7. Be3 Bxe3 8. fxe3
d6 9. Qe2 Re8 10. g4 Nxg4 11. hxg4 Bxg4 12. O-O-O a6 13. Qf2 Bxf3 14. Qxf3 Qg5
15. Qxf7+ Kh7 16. Rhg1 Qf6 17. Qxf6 gxf6 18. Rg3 Re7 19. Nd5 Rg7 20. Nxf6+ Kh8
21. Rdg1 Rg5 22. Rxg5 hxg5 23. Rxg5 Ne7 24. d4 exd4 25. exd4 Rf8 26. e5 dxe5 27.
dxe5 Nc6 28. Nd7 Re8 29. e6 Ne7 30. Nf6 Rf8 31. Nd5 Nxd5 32. Bxd5 c6 33. Bb3 Re8
34. Rf5 Kg8 35. e7+ 1-0

[Event "BRAIN TIME"]
[Site "http://www.queenalice.com/game.php?id=1581982"]
[Date "2019.8.31"]
[Round "-"]
[White "zubarev"]
[Black "apap127"]
[Result "1-0"]
[WhiteElo "1896"]
[BlackElo "1703"]

1. d4 d5 2. Nc3 Nf6 3. Nf3 Nc6 4. e3 Bd7 5. Bd3 e6 6. O-O Bb4 7. Bd2 O-O 8. Ne5
Re8 9. f4 Kh8 10. Qf3 Re7 11. Be1 Re8 12. Nxf7+ 1-0

[Event "Let's Play Chess!"]
[Site "http://www.queenalice.com/game.php?id=1585291"]
[Date "2019.10.1"]
[Round "-"]
[White "obobo"]
[Black "apap127"]
[Result "1-0"]
[WhiteElo "1339"]
[BlackElo "1710"]

1. e4 e5 2. Nf3 Nc6 3. Bc4 Nf6 4. d3 h6 5. Bd2 Bc5 6. O-O O-O 7. Qe2 d5 8. Nc3
d4 9. Nd5 Be6 10. b4 Bxd5 11. exd5 Nxb4 12. Bxb4 Bxb4 13. Nxe5 Nxd5 14. Qe4 Bc3
15. Rab1 Nb6 16. Bxf7+ Rxf7 17. Nxf7 Kxf7 18. Rb5 g6 19. Rc5 c6 20. Re5 Nd7 21.
Qf3+ Kg7 22. Re4 Qf6 23. Qxf6+ Kxf6 24. f3 Kf7 25. Rf2 Nc5 26. Rfe2 Kf6 27. Rf4+
Kg7 28. Re7+ Kg8 29. Rf6 Rd8 30. Rxg6+ Kf8 31. Re5 Nd7 32. Rf5+ Ke7 33. Rxh6 Rf8
34. Rg5 Bd2 35. Rg7+ Rf7 36. Rhh7 Rxg7 37. Rxg7+ Kd8 38. Rg4 Be3+ 39. Kf1 Nf6
40. Rg6 Ke7 41. Rg7+ Kd6 42. Rxb7 a6 43. Ra7 Nd5 44. Rxa6 Nb4 45. Ra3 Nxc2 46.
Ra4 c5 47. g4 Nb4 48. Ke2 Kc6 49. a3 Nd5 50. Ra6+ Kb5 51. Ra8 Nc3+ 52. Ke1 Nd5
53. Kf1 Nf4 54. h4 Nxd3 55. a4+ Kb4 56. a5 c4 57. a6 c3 58. Rb8+ Kc4 59. Rb1 c2
60. Ra1 c1=Q+ 61. Rxc1+ Nxc1 62. a7 d3 63. a8=Q Kc3 64. Ke1 Bd2+ 65. Kd1 1-0

[Event "Challenge"]
[Site "http://www.queenalice.com/game.php?id=1585418"]
[Date "2019.10.2"]
[Round "-"]
[White "ebpap123"]
[Black "apap127"]
[Result "1/2-1/2"]
[WhiteElo "1869"]
[BlackElo "1703"]

1. e4 e5 2. Nf3 Nc6 3. Bb5 a6 4. Ba4 b5 5. Bb3 h6 6. c3 Nf6 7. Bc2 Bc5 8. d4
exd4 9. cxd4 Bb6 10. O-O d6 11. h3 O-O 12. Re1 Re8 13. Nc3 b4 14. Nb1 Nxd4 15.
Nxd4 Bb7 16. Nf3 Qd7 17. Ba4 Bc6 18. Bxc6 Qxc6 19. Nbd2 Nxe4 20. Nxe4 Rxe4 21.
Rxe4 Qxe4 22. Qe1 Re8 23. Qxe4 Rxe4 24. Kf1 d5 25. b3 c5 26. Bb2 d4 27. Re1
Rxe1+ 28. Nxe1 g5 29. Nd3 f6 30. Ne1 Bc7 31. Nd3 Bd6 32. Bc1 Kg7 33. Ke2 h5 34.
Kf3 Kg6 35. Ke4 Bf8 36. Kd5 Kf5 37. Nxc5 Bxc5 38. Kxc5 Ke4 39. Kxb4 Kd3 40. Ka5
Kc2 41. Ba3 d3 42. Bb4 Kb2 43. Kxa6 Kxa2 44. Kb6 Kxb3 45. Ba5 Kc2 46. Kc6 d2 47.
Bxd2 Kxd2 48. Kd6 g4 49. hxg4 hxg4 50. Ke6 Ke2 51. Kxf6 Kxf2 52. Kg5 Kg3 53. Kh5
Kxg2 54. Kxg4 Kf2 55. Kf4 Ke2 56. Ke4 1/2-1/2

[Event "ALGRANO"]
[Site "http://www.queenalice.com/game.php?id=1585927"]
[Date "2019.10.8"]
[Round "-"]
[White "zubarev"]
[Black "apap127"]
[Result "0-1"]
[WhiteElo "1915"]
[BlackElo "1678"]

1. d4 d5 2. Nc3 Nf6 3. Nf3 Bf5 4. e3 a6 5. Bd2 e6 6. Be2 Bd6 7. Ne5 Bxe5 8. dxe5
Nfd7 9. O-O Nxe5 10. f4 Ng6 11. Bg4 Bxg4 12. Qxg4 O-O 13. f5 Qh4 14. Qxh4 Nxh4
15. Rf4 Nxf5 16. Raf1 Nc6 17. Ne2 Rad8 18. Be1 Nxe3 19. R1f2 Nxc2 20. Bc3 e5 21.
Rg4 d4 22. Bd2 Rfe8 23. Ng3 Ne3 24. Bxe3 dxe3 25. Re2 Rd3 26. Nf5 Rd1+ 0-1

[Event "Let's Play Chess!"]
[Site "http://www.queenalice.com/game.php?id=1593729"]
[Date "2019.12.22"]
[Round "-"]
[White "charles31"]
[Black "apap127"]
[Result "1-0"]
[WhiteElo "1650"]
[BlackElo "1680"]

1. a3 e5 2. e4 Nf6 3. Nc3 Bc5 4. Bc4 O-O 5. d3 d6 6. f3 Bxg1 7. Rxg1 Nc6 8. h3
h6 9. g4 g5 10. h4 Nh7 11. hxg5 hxg5 12. Qe2 Nd4 13. Qf2 c6 14. Be3 c5 15. Rh1
Re8 16. Kd2 Be6 17. Bxe6 Rxe6 18. Rh3 Kg7 19. Rah1 Nf8 20. Rh8 Qf6 21. Nd5 Qxf3
22. Qh2 Ree8 23. Rh7+ Kg8 24. Rh8+ Kg7 25. Qh6# 1-0

[Event "Challenge"]
[Site "http://www.queenalice.com/game.php?id=1594436"]
[Date "2019.12.28"]
[Round "-"]
[White "apap127"]
[Black "ebpap123"]
[Result "0-1"]
[WhiteElo "1663"]
[BlackElo "1809"]

1. e4 c5 2. Bc4 e6 3. Nf3 d6 4. Nc3 a6 5. O-O b5 6. Be2 Nc6 7. d4 cxd4 8. Nxd4
Bb7 9. Nxc6 Bxc6 10. f3 Nf6 11. Bf4 Be7 12. a3 O-O 13. b4 Rc8 14. Bd3 Nh5 15.
Qd2 Nxf4 16. Qxf4 Bf6 17. Qd2 Bb7 18. Ne2 Bxa1 19. Rxa1 Rc7 20. Rc1 Qf6 21. c4
bxc4 22. Bxc4 Rfc8 23. Bb3 Rxc1+ 24. Nxc1 Qc3 0-1

[Event "watch?v=NkHDecSN2Z4"]
[Site "http://www.queenalice.com/game.php?id=1597916"]
[Date "2020.2.1"]
[Round "-"]
[White "apap127"]
[Black "zubarev"]
[Result "1-0"]
[WhiteElo "1653"]
[BlackElo "1657"]

1. e4 e5 2. Nf3 Nc6 3. Bb5 d6 4. c3 Bd7 5. d4 Be7 6. Bxc6 Bxc6 7. d5 Bd7 8. h3
Nf6 9. Qe2 O-O 10. O-O Qc8 11. Kh2 Ne8 12. Be3 f5 13. Bg5 Bxg5 14. Nxg5 Qd8 15.
Nf3 f4 16. b3 Nf6 17. Nbd2 c6 18. c4 cxd5 19. cxd5 Qe8 20. Nc4 Bb5 21. a4 Ba6
22. b4 b5 23. Nxd6 Qe7 24. axb5 Qxd6 25. bxa6 Qxb4 26. Nxe5 Nxe4 27. Nc6 Qc4 28.
Qxc4 Nd2 29. Qa2 Nxf1+ 30. Rxf1 Rf5 31. Rd1 Kf7 32. d6+ Kg6 33. Ne7+ Kf6 34.
Nxf5 1-0

[Event "Challenge"]
[Site "http://www.queenalice.com/game.php?id=1598208"]
[Date "2020.2.3"]
[Round "-"]
[White "apap127"]
[Black "ebpap123"]
[Result "1-0"]
[WhiteElo "1669"]
[BlackElo "1856"]

1. e4 c5 2. d4 cxd4 3. Qxd4 Nc6 4. Qe3 d6 5. b3 Nf6 6. Be2 g6 7. Nf3 Bg7 8. Bb2
Ng4 9. Qc1 O-O 10. O-O a6 11. Bxg7 Kxg7 12. Qb2+ Kg8 13. Nbd2 b5 14. Rad1 Qc7
15. h3 Nf6 16. Bd3 Bb7 17. c4 bxc4 18. Bxc4 Rab8 19. b4 Bc8 20. a3 Bb7 21. Rfe1
Nd7 22. Nb3 Nde5 23. Qc3 Nxc4 24. Qxc4 Rbc8 25. Nfd4 Nxd4 26. Qxc7 Rxc7 27. Nxd4
Rc3 28. Ra1 Rfc8 29. Ne2 Rb3 30. f3 Rb2 31. Kf1 Rcc2 32. Rac1 Rxc1 33. Rxc1 Bxe4
34. fxe4 Ra2 35. Rc3 Kg7 36. Nc1 Rd2 37. Ne2 Kf6 38. Rc6 Ke5 39. Ng3 Ra2 40.
Rxa6 Kf6 41. b5 e6 42. Kg1 h5 43. b6 Ke5 44. Kh2 d5 45. exd5 Kxd5 46. b7 Rb2 47.
Ra7 Kc6 48. Ne4 Rxb7 49. Rxb7 Kxb7 50. Nd6+ Ka6 51. Nxf7 Ka5 52. Kg3 Ka4 53. Kf4
Kxa3 54. Kg5 Kb4 55. Kxg6 Kc5 56. Kxh5 Kd5 57. g4 1-0

[Event " Luiz Cesar Taborda Alves"]
[Site "http://www.queenalice.com/game.php?id=1604943"]
[Date "2020.3.30"]
[Round "-"]
[White "zubarev"]
[Black "apap127"]
[Result "1-0"]
[WhiteElo "1541"]
[BlackElo "1659"]

1. d4 d5 2. Nc3 Nf6 3. Nf3 Nc6 4. e3 a6 5. Bd3 b5 6. O-O e6 7. Ne5 Nxe5 8. dxe5
Nd7 9. f4 f5 10. exf6 gxf6 11. Qh5+ Ke7 12. Bd2 Kd6 13. e4 d4 14. e5+ Ke7 15.
Ne4 Bg7 16. Bb4+ 1-0

[Event "Let's Play Chess!"]
[Site "http://www.queenalice.com/game.php?id=1607885"]
[Date "2020.4.17"]
[Round "-"]
[White "charles31"]
[Black "apap127"]
[Result "1-0"]
[WhiteElo "1684"]
[BlackElo "1675"]

1. e4 e5 2. Nf3 Nc6 3. a3 Nf6 4. Nc3 Bc5 5. Bc4 h6 6. h3 O-O 7. d3 Re8 8. Ba2 d6
9. Nh4 a6 10. g4 b5 11. Ng2 Be6 12. Bxe6 Rxe6 13. Be3 Nd4 14. g5 Qd7 15. gxf6
Rxf6 16. Nd5 Re6 17. f4 exf4 18. Ndxf4 Ree8 19. Bxd4 Bxd4 20. Qf3 Bxb2 21. Ra2
Bc3+ 22. Kd1 f5 23. exf5 Qxf5 24. Qd5+ Qxd5 25. Nxd5 Ba5 26. Ngf4 c6 27. Rg1 1-0

[Event "Let's Play Chess!"]
[Site "http://www.queenalice.com/game.php?id=1608708"]
[Date "2020.4.22"]
[Round "-"]
[White "charles31"]
[Black "apap127"]
[Result "1-0"]
[WhiteElo "1663"]
[BlackElo "1692"]

1. e4 e5 2. Nf3 Nc6 3. a3 Nf6 4. Bc4 Bc5 5. d3 h6 6. Nc3 O-O 7. h3 a6 8. Be3 Bd4
9. Bxd4 exd4 10. Ne2 d5 11. exd5 Nxd5 12. Nfxd4 Nxd4 13. Nxd4 Re8+ 14. Kd2 1-0

[Event "Challenge"]
[Site "http://www.queenalice.com/game.php?id=1609471"]
[Date "2020.4.26"]
[Round "-"]
[White "ebpap123"]
[Black "apap127"]
[Result "1-0"]
[WhiteElo "1756"]
[BlackElo "1624"]

1. e4 e5 2. Nf3 Nc6 3. Bb5 a6 4. Ba4 b5 5. Bb3 Bc5 6. O-O Nf6 7. d3 h6 8. c3 Bb6
9. Bc2 O-O 10. Re1 Bb7 11. Nbd2 d5 12. exd5 Qxd5 13. Nf1 Ng4 14. Re2 Rad8 15. h3
Nf6 16. Ne3 Qe6 17. Bb3 Qe7 18. Qc2 Rd7 19. Nf1 a5 20. a3 Rfd8 21. Rd2 Qd6 22.
Ne1 Qc5 23. Ne3 a4 24. Ba2 Ne7 25. Rb1 Ba6 26. b4 Qc6 27. c4 Bxe3 28. fxe3 Bb7
29. cxb5 Qxb5 30. Bc4 Qb6 31. Re2 Bc6 32. b5 Bd5 33. Bxd5 Nfxd5 34. Kh1 Nf6 35.
Qxa4 Rd6 36. Qb3 Nf5 37. Kh2 R6d7 38. a4 Qd6 39. Ba3 Qd5 40. Qxd5 Nxd5 41. Bb2
Ndxe3 42. Bxe5 Nd5 43. Bg3 Nc3 44. Reb2 Nxb1 45. Rxb1 Rb8 46. a5 Ra8 47. a6 Ra7
48. Bf2 Ra8 49. a7 Nd6 50. Nc2 Re7 51. Nd4 c5 52. Nc6 Rb7 53. Bxc5 Rxb5 54. Rxb5
Nxb5 55. Ne7+ Kh7 56. d4 Nxa7 57. d5 Nc8 58. d6 Nxe7 59. dxe7 Kg6 60. Bb6 Kf6
61. Bd8 1-0

[Event "Let's Play Chess!"]
[Site "http://www.queenalice.com/game.php?id=1613212"]
[Date "2020.5.22"]
[Round "-"]
[White "igorjava"]
[Black "apap127"]
[Result "1-0"]
[WhiteElo "1998"]
[BlackElo "1638"]

1. e4 e5 2. f4 Nc6 3. Nf3 d6 4. Bc4 h6 5. f5 g6 6. fxg6 fxg6 7. O-O Qe7 8. c3
Nf6 9. d3 Bd7 10. b4 a6 11. a4 Na7 12. Bb2 O-O-O 13. b5 axb5 14. axb5 Kb8 15.
Qa4 c6 16. Qxa7+ Kc7 17. b6+ 1-0

[Event "Guerreiro Imperial"]
[Site "http://www.queenalice.com/game.php?id=1616931"]
[Date "2020.6.16"]
[Round "-"]
[White "apap127"]
[Black "zubarev"]
[Result "0-1"]
[WhiteElo "1636"]
[BlackElo "1734"]

1. e4 e5 2. Nf3 Nc6 3. Bc4 Be7 4. O-O Nf6 5. Nc3 O-O 6. d3 d6 7. h3 Nd4 8. Be3
c5 9. Bxd4 cxd4 10. Ne2 Qb6 11. Rb1 Be6 12. Nd2 Rac8 13. c3 Rfd8 14. cxd4 exd4
15. Bb3 Bxb3 16. Nxb3 Qa6 17. a3 Qb6 18. Nexd4 a5 19. Qd2 a4 20. Na5 Qxd4 21.
Rfd1 Qb6 22. Nc4 Qd4 23. Qb4 Nd7 24. Qxa4 Bh4 25. Rf1 Nc5 26. Qc2 Nxd3 27. Rfd1
Rxc4 28. Rxd3 Rxc2 29. Rxd4 Bxf2+ 30. Kh2 Bxd4 0-1

[Event " Dudu Purcena - Alma Sertaneja"]
[Site "http://www.queenalice.com/game.php?id=1617423"]
[Date "2020.6.21"]
[Round "-"]
[White "zubarev"]
[Black "apap127"]
[Result "1-0"]
[WhiteElo "1709"]
[BlackElo "1613"]

1. d4 d5 2. Nc3 Nf6 3. Nf3 Bf5 4. e3 a6 5. Ne5 Nbd7 6. Bd3 Bxd3 7. Qxd3 c6 8.
Bd2 e6 9. f4 Bd6 10. O-O O-O 11. Rac1 h6 12. Ne2 Nb6 13. Qb3 Nc4 14. Nxc4 dxc4
15. Qxc4 Ne4 16. Bb4 a5 17. Bxd6 Nxd6 18. Qd3 b5 19. b3 Nf5 20. Nc3 Re8 21. e4
Nxd4 22. Ne2 Nxe2+ 23. Qxe2 Qb6+ 24. Kh1 Rad8 25. c4 Rc8 26. Rcd1 Rcd8 27. Rxd8
Rxd8 28. f5 e5 29. Qg4 f6 30. Qf3 Rd2 31. Rd1 Rxa2 32. Qd3 Kf7 33. h3 Qc7 34.
cxb5 c5 35. Rd2 Rxd2 36. Qxd2 Ke7 37. Qd5 Qd7 38. Qxc5+ Kf7 39. b6 Kg8 40. Qc7
1-0

[Event "1 Jul 2020 06:11"]
[Site "http://www.queenalice.com/game.php?id=1618802"]
[Date "2020.7.1"]
[Round "-"]
[White "zubarev"]
[Black "apap127"]
[Result "1-0"]
[WhiteElo "1778"]
[BlackElo "1601"]

1. d4 d5 2. Nc3 Nf6 3. Bd2 Bf5 4. e3 Nc6 5. Bb5 Bd7 6. Nf3 h6 7. Bxc6 Bxc6 8.
O-O e6 9. Ne5 Bd6 10. f4 Bxe5 11. fxe5 Nd7 12. Qg4 O-O 13. Ne2 f6 14. Nf4 Qe7
15. Qxe6+ Rf7 16. Qh3 fxe5 17. Ne2 Nb6 18. Rxf7 Qxf7 19. Rf1 Qd7 20. Qxd7 Nxd7
21. c3 Re8 22. Ng3 Nf6 23. Nf5 Kh7 24. Rf3 e4 25. Rf2 Bd7 26. Ng3 a5 27. a3 b6
28. Nf5 Be6 29. h3 Rf8 30. Ne7 Bd7 31. Nf5 Be6 32. Ng3 c5 33. Ne2 c4 34. Nf4 Bd7
35. g3 g5 36. Ne2 Kg7 37. Kg2 h5 38. h4 g4 39. Nf4 Ba4 40. Ne6+ 1-0

[Event "Elan Quadros"]
[Site "http://www.queenalice.com/game.php?id=1628237"]
[Date "2020.9.27"]
[Round "-"]
[White "apap127"]
[Black "zubarev"]
[Result "1-0"]
[WhiteElo "1592"]
[BlackElo "1719"]

1. e4 e5 2. Nf3 Nc6 3. Bc4 d6 4. h3 Be7 5. Nc3 Nf6 6. d4 exd4 7. Nxd4 Bd7 8. O-O
Ne5 9. Bd3 O-O 10. Bf4 c5 11. Nf3 Nc6 12. Nd5 Be6 13. c4 Nd4 14. Nxd4 cxd4 15.
Re1 Rc8 16. b3 Bxd5 17. exd5 Nd7 18. Bf5 Rc7 19. Qxd4 Bf6 20. Qxa7 b6 21. Qa3
Re8 22. Rad1 Ne5 23. Re3 Qb8 24. Qxd6 Qc8 25. Bxc8 Rexc8 26. Bxe5 Bxe5 27. Rxe5
h6 28. Qxb6 Kh7 29. d6 1-0

[Event "Challenge"]
[Site "http://www.queenalice.com/game.php?id=1630605"]
[Date "2020.10.22"]
[Round "-"]
[White "apap127"]
[Black "ebpap123"]
[Result "0-1"]
[WhiteElo "1613"]
[BlackElo "1751"]

1. e4 e5 2. Nf3 Nf6 3. Nc3 d6 4. h3 Be7 5. Bc4 O-O 6. O-O a6 7. a3 b5 8. Ba2 Bb7
9. d3 Nc6 10. Re1 Nb8 11. Re2 c5 12. Nd5 Nxd5 13. Bxd5 Bxd5 14. exd5 Nd7 15. b3
Nf6 16. c4 Qc7 17. Qe1 bxc4 18. bxc4 Rab8 19. Bg5 Rb3 20. Re3 Rfb8 21. Nd2 R3b6
22. Ne4 Nxe4 23. Bxe7 Qxe7 24. dxe4 Qb7 25. Kf1 Rb1 26. Rxb1 Qxb1 27. Qxb1 Rxb1+
28. Ke2 a5 29. Kf3 a4 30. Kg3 Rb3 31. Kf3 h6 32. Kg3 f6 33. Kh4 g6 34. g4 Kf7
35. Rg3 g5+ 36. Kh5 Kg7 37. Re3 Rxe3 38. fxe3 Kh7 39. h4 gxh4 40. Kxh4 Kg6 41.
Kg3 Kg5 42. Kh3 h5 43. Kg3 Kg6 44. Kh4 Kh6 45. Kg3 Kg5 46. Kh3 hxg4+ 47. Kg3 Kh5
48. Kg2 Kh4 0-1